Statistics for Counties by Letter: V

Click here to take the quiz!

General Stats

  • This quiz has been taken 12 times
  • The average score is 14 of 27

Answer Stats

StateCounty% Correct
North CarolinaVance
78%
MontanaValley
67%
NebraskaValley
67%
IdahoValley
67%
WisconsinVernon
67%
LouisianaVernon
67%
MissouriVernon
67%
OhioVinton
67%
PennsylvaniaVenango
56%
TexasVictoria
56%
FloridaVolusia
56%
New MexicoValencia
44%
TexasVal Verde
44%
TennesseeVan Buren
44%
ArkansasVan Buren
44%
MichiganVan Buren
44%
IowaVan Buren
44%
IndianaVanderburgh
44%
CaliforniaVentura
44%
LouisianaVermilion
44%
IllinoisVermilion
44%
IndianaVermillion
44%
WisconsinVilas
44%
TexasVan Zandt
33%
IndianaVigo
33%
VirginiaVirginia Beach
33%
OhioVan Vert
22%

Score Distribution

Percentile by Number Answered

Percent of People with Each Score

Your Score History

You have not taken this quiz